01190nam a2200289Ia 4500001001000000003000500010008004100015010001100056040000900067090001700076100003900093245021400132260003400346300001000380502009800390650003000488650002400518710005700542901001700599902000600616905006300622910000900685942000900694942001200703999001900715952016600734Para_5846CHAP220125s1970 xx 000 0 und d a204330 cCHAP aPA TESIS 161 aLópez Benítez, Servando967707 aEnsayo de tres insecticidas a U.B.V. y uno convencional aplicados con equipo portatil para el combate del picudo del algodonero Anthonomus grandis Boh. en Apatzingán, Mich. /c por Servando López Benítez aChapingo, Méx. :b el autor a71 h. aTesis (Ing. Agr. Esp. Parasitología Agrícla) ENA. Departamento Parasitología Agrícola aAnthonomus grandis 96037 aInsecticidas958855 aENA. Departamento Parasitología Agrícola9164684 aPA TESIS 161 aA a0000001970 a 0000000000 00 a1970 cPARA cPARAd1 c204330d204330 00102local4051708TESISaPAbPAd2005-10-27fPARAi(PA_3213) (No. UACh CONSUMO)l0oPA TESIS 161p4101000223r2022-01-25 00:00:00tEj.1w2022-01-25yTESISz3